JBI_Wissens_Quiz_1 - Statistiken

Allgemein
  • Dieses Quiz wurde 33 mal gespielt
  • Das Durchschnittsergebnis liegt bei 39 aus 60
Antwortstatistiken
Hint Antwort % Korrekt
Hauptstadt von Australien Canberra
100%
Hauptstadt von Russland Moskau
100%
Längster Fluss der Welt Nil
100%
Wie viele Ringe hat das Olympische Symbol 5
97%
Ozean zwischen Europa und Amerika Atlantischer Ozean
97%
Zu welchem Land gehört Grönland Dänemark
97%
Nachbarland von GB Irland
97%
Einheit der Länge Meter
97%
Welche Farbe entsteht aus Blau und Gelb Grün
94%
In welchem Bundesland liegt Frankfurt Hessen
94%
Triathlon besteht aus radfahren, laufen und schwimmen
94%
Ursprungsland der Olympischen Spielen Griechenland
90%
Wer malte die Mona Lisa Leonardo da Vinci
87%
Erster Mensch am Mond Neil Armstrong
87%
In welchem Jahr begann der zweite Weltkrieg 1939
84%
Berliner Mauerfall (Jahr) 1989
84%
Fußball Weltmeister 2014 Deutschland
84%
Schnellstes Landtier Gepard
84%
Welches Element hat die Abkürzung Au Gold
84%
Bevölkerungsreichstes Land Afrikas Nigeria
84%
Wie viele Spieler stehen pro Basketballteam am Feld 5
81%
Was bedeutet PC Personal Computer
81%
In welchem Land entstand die Demokratie Griechenland
77%
Welche Sportart wird im Wimbledon Turnier gespielt Tennis
77%
Chemisches Element mit Ordnungszahl 1 Wasserstoff
77%
Führer der Sowjetunion im WW2 Josef Stalin
74%
Hauptstadt von Kenia Nairobi
74%
Volumen von einem Würfel mit der Seitenlänge 3 27
71%
Welcher Fluss fließt durch Bratislava Donau
71%
Welcher Vogel kann rückwärts fliegen Kolibri
71%
Von wem ist der Song Billie Jean Michael Jackson
71%
0,000003 s sind wie viele µs 3
68%
Tier mit 3 Herzen Oktopus
68%
Antike Stadt die durch einen Vulkanausbruch zerstört wurde Pompeji
68%
Wer schrieb Romeo und Julia William Shakespeare
68%
In welchem Sport wird der Begriff Birdie benützt Golf
65%
Größtes Korallenriff der Welt Great Barrier Reef
65%
Hiroshima und welche japanische Stadt wurden durch Atombomben zerstört Nagasaki
61%
Wie nennt man ein Bild, das eine Person zeigt Porträt
58%
10 m/s in km/h 36
55%
Dritt größte Stadt in Japan Osaka
55%
Formel 1 Fahrer mit den meisten Rennstarts Fernando Alonso
48%
Welche Firma entwickelt Android Google
48%
Höchste Fußballliga in Spanien La Liga
48%
Erdbeschleunigung in m/s² 9,81
45%
In welchem Land liegt die Hauptstadt Maskat(engl. Muscat) Oman
45%
US-Staat nördlich von New Mexico Colorado
42%
Welche Maß-Einheit wird in Hertz gemessen Frequenz
42%
Bester Olympischer Athlet Michael Phelps
42%
Römischer Kaiser zur Zeit von Jesu Geburt Augustus
39%
In welchem Sport wirft man einen Speer Leichtathletik
39%
Epoche nach dem Mittelalter Renaissance
39%
Welcher Vertrag beendete den ersten Weltkrieg offiziell Vertrag von Versailles
39%
Westlichstes Bundesland Österreichs Vorarlberg
35%
Tier mit dem stärksten Biss Salzwasserkrokodil
26%
Welche Firma entwickelt Ryzen-Prozessoren AMD
23%
Für was steht CPU Central Processing Unit
23%
Für was steht BIOS Basic Input Output System
13%
Wie nennt man den Phasenübergang von flüssigen Wasser zu Wasserdampf Verdunstung
13%
Wer spielt in Avatar Jake Sully Sam Worthington
6%
Keine übereinstimmenden Quizze gefunden
Verteilung der Resultate
Anzahl Personen mit jedem Resultat
Perzentil nach korrekt beantworteten Fragen
Ihre Resultats-Entwicklung
Sie haben dieses Quiz noch nicht gespielt